Mediateca Expandida/ (Record no. 3420)

MARC details
000 -LEADER
campo de control de longitud fija 01554nam a22003017a 4500
003 - IDENTIFICADOR DE NÚMERO DE CONTROL
campo de control OSt
005 - FECHA Y HORA DE LA ÚLTIMA TRANSACCIÓN
campo de control 20230421104507.0
008 - DATOS DE LONGITUD FIJA--INFORMACIÓN GENERAL
campo de control de longitud fija 221006b |||||||| |||| 00| 0 eng d
040 ## - FUENTE DE CATALOGACIÓN
Centro/agencia transcriptor Biblioteca Lado V
082 ## - NÚMERO DE LA CLASIFICACIÓN DECIMAL DEWEY
Número de clasificación 794.816.6
Número de ítem V632a
100 ## - ENTRADA PRINCIPAL--NOMBRE DE PERSONA
9 (RLIN) 804
Nombre de persona Vicente, Jose Luis de
Término indicativo de función/relación editor
245 ## - MENCIÓN DEL TÍTULO
Título Mediateca Expandida/
Resto del título Habitar/
260 ## - PUBLICACIÓN, DISTRIBUCIÓN, ETC.
Nombre del editor, distribuidor, etc. Centro de Arte y Creación Industrial
-- cajAstur
-- Ministerio de Industria, Turismo y Comercio
Fecha de publicación, distribución, etc. 2010
Lugar de publicación, distribución, etc. España
300 ## - DESCRIPCIÓN FÍSICA
Dimensiones 17x23cm
Extensión 138p.
490 ## - MENCIÓN DE SERIE
Mención de serie 03
Designación de volumen o secuencia 2010
Número Internacional Normalizado para Publicaciones Seriadas 1889-965X
505 ## - NOTA DE CONTENIDO CON FORMATO
Nota de contenido con formato Un futuro Urbano
505 ## - NOTA DE CONTENIDO CON FORMATO
Nota de contenido con formato Nuevos escenarios urbanos emergentes
505 ## - NOTA DE CONTENIDO CON FORMATO
Nota de contenido con formato LABoral y la arquitectura
505 ## - NOTA DE CONTENIDO CON FORMATO
Nota de contenido con formato Ensayos
Información miscelánea El cambio de los paradigmas<br/><br/>Redibujar<br/><br/>Software Urbano<br/><br/>La construcción de una ciudad<br/><br/>Notas sobre el diseño<br/><br/>La ciudad colmada de dones<br/><br/>Instantáneas de una ficticia<br/><br/>Fluir, habitar, pensar
505 ## - NOTA DE CONTENIDO CON FORMATO
Nota de contenido con formato Proyectos
Información miscelánea Pedro Miguel Cruz<br/><br/>SENSEable City Lab<br/><br/>SENSEable cITY Lab<br/><br/>Rocarols/ Soriano/Tornabell<br/><br/>Nerea Calvillo<br/><br/>Dan Hill<br/><br/>Timo Arnall<br/><br/>Julian Bleecker<br/><br/>Semiconductor<br/><br/>kawamura-ganjavian<br/><br/>Mark Shepard<br/><br/>IaaC<br/><br/>Philippe Rahm architectes<br/><br/>Angel Borrego - OSS<br/><br/>Citilab - Cornella<br/><br/>
505 ## - NOTA DE CONTENIDO CON FORMATO
Nota de contenido con formato Biografias
505 ## - NOTA DE CONTENIDO CON FORMATO
Nota de contenido con formato Creditos
650 ## - PUNTO DE ACCESO ADICIONAL DE MATERIA--TÉRMINO DE MATERIA
Fuente del encabezamiento o término Tesauro de Arte & Arquitectura
Término de materia o nombre geográfico como elemento de entrada ARTE
9 (RLIN) 703
650 ## - PUNTO DE ACCESO ADICIONAL DE MATERIA--TÉRMINO DE MATERIA
Fuente del encabezamiento o término Tesauro de Arte & Arquitectura
Término de materia o nombre geográfico como elemento de entrada VIDEO JUEGOS
650 ## - PUNTO DE ACCESO ADICIONAL DE MATERIA--TÉRMINO DE MATERIA
Fuente del encabezamiento o término Tesauro de Arte & Arquitectura
Término de materia o nombre geográfico como elemento de entrada MUSICA
650 ## - PUNTO DE ACCESO ADICIONAL DE MATERIA--TÉRMINO DE MATERIA
Fuente del encabezamiento o término Tesauro de Arte & Arquitectura
Término de materia o nombre geográfico como elemento de entrada ARTE DIGITAL
942 ## - ELEMENTOS DE ENTRADA SECUNDARIOS (KOHA)
Fuente del sistema de clasificación o colocación Clasificación Decimal Dewey
Tipo de ítem Koha Libros
Parte de la signatura que corresponde a la clasificación (Parte de la clasificación) 794.816.6
Parte de la signatura que identifica el ejemplar (Parte del ítem) V632a
Suprimir en OPAC No
Holdings
Estatus retirado Estado de pérdida Fuente del sistema de clasificación o colocación Especificación de materiales (volumen encuadernado u otra parte) Estado de daño No para préstamo Colección Biblioteca de origen Biblioteca actual Fecha de adquisición Enumeración/cronología de publicación seriada Número de inventario Total de préstamos Signatura topográfica completa Código de barras Visto por última vez Precio de reemplazo Tipo de ítem Koha
    Clasificación Decimal Dewey 2010     Revistas Biblioteca LadoV Biblioteca LadoV 21/04/2023 03 003141   794.816.6 V632a 003141 21/04/2023 21/04/2023 Libros